[Event "KAERNTNER SCHACHSOMMER 2013 22. int. Op"]
[Site "Feffernitz"]
[Date "2013.08.21"]
[Round "5"]
[White "Mostoegl, Konrad"]
[Black "Hoegl, Emanuel"]
[Result "1-0"]
[WhiteElo "1997"]
[BlackElo "1844"]
[PlyCount "227"]
[EventDate "2013.08.18"]
[EventRounds "9"]
[EventCountry "AUT"]
[SourceDate "2005.09.12"]

1. e4 c6 2. Nc3 d5 3. Nf3 dxe4 4. Nxe4 Bg4 5. h3 Bh5 6. Ng3 Bxf3 7. Qxf3 Nf6 8.
Bc4 e6 9. O-O Bd6 10. Nh5 Nxh5 11. Qxh5 g6 12. Qf3 Nd7 13. d4 Qf6 14. Qe3 Nb6
15. Bb3 Nd5 16. Bxd5 cxd5 17. Qb3 O-O 18. c3 b6 19. a4 Rab8 20. Qc2 Rfc8 21.
Qd3 Bf4 22. Qf3 Bg5 23. Bxg5 Qxg5 24. Qd3 Qe7 25. Rfe1 Qc7 26. Re3 Qd7 27. Qe2
Rc4 28. b3 Rc7 29. Rg3 Rbc8 30. Rc1 Qe7 31. Qa2 Qd6 32. Qb2 Rc6 33. Rd1 R8c7
34. Rdd3 Qf8 35. Qa2 Qc8 36. Qa1 Qf8 37. a5 b5 38. b4 a6 39. Qf1 Qc8 40. Qe1
Qf8 41. Qe2 Qc8 42. Qe3 Qf8 43. Qf3 Qg7 44. Qe3 Qf8 45. Kf1 Qg7 46. f4 Qf6 47.
Rf3 Qf5 48. Qf2 Qf6 49. g4 Qd8 50. f5 Qc8 51. fxg6 hxg6 52. Qg3 Qf8 53. g5 Qd6
54. Kg2 Qxg3+ 55. Kxg3 Kg7 56. Kf4 Rc8 57. Ke5 Kf8 58. h4 Ke7 59. Kf4 Rh8 60.
Kg4 Rcc8 61. Rh3 Rh5 62. Rdf3 Rch8 63. Rf4 R5h7 64. Kg3 Rh5 65. Rh2 Rc8 66. Rc2
Rh7 67. Kg4 Rch8 68. Kh3 Rc8 69. Kg3 Rh5 70. Kg2 Rh7 71. Kg3 Rh5 72. Rf3 Rh7
73. Rcf2 Rf8 74. Rf4 Rc8 75. R2f3 Rf8 76. Kg4 Rfh8 77. Kh3 Rf8 78. Kg3 Rh5 79.
Rf6 Rh7 80. Re3 Rg8 81. Rf4 Rf8 82. Ref3 Rh5 83. Rf2 Rh7 84. Rh2 Rc8 85. Rf3
Rch8 86. Kg4 Rh5 87. Rfh3 Rf8 88. Kg3 Rc8 89. Kf4 Rf8 90. Rh1 Rc8 91. R1h2 Rf8
92. Ke3 Rc8 93. Kd2 Rf8 94. Kd3 Rc8 95. Kc2 Rf8 96. Rf3 Rfh8 97. Rhf2 R8h7 98.
c4 dxc4 99. d5 Rxh4 100. Rf6 Rg7 101. Re2 Kd8 102. dxe6 fxe6 103. Rfxe6 Rhh7
104. Rxa6 Re7 105. Rd2+ Ke8 106. Rxg6 Rhg7 107. Rxg7 Rxg7 108. Rd5 Rb7 109. Rd6
Rg7 110. g6 Rb7 111. Kc3 Kf8 112. Rb6 Rg7 113. a6 Ra7 114. Rb8+ 1-0

[Event "KAERNTNER SCHACHSOMMER 2013 22. int. Op"]
[Site "Feffernitz"]
[Date "2013.08.21"]
[Round "5"]
[White "Frey, Armin"]
[Black "Spitzl, Robert"]
[Result "1-0"]
[WhiteElo "1981"]
[BlackElo "1799"]
[PlyCount "53"]
[EventDate "2013.08.18"]
[EventRounds "9"]
[EventCountry "AUT"]
[SourceDate "2005.09.12"]

1. e4 e5 2. f4 d6 3. Nf3 Bg4 4. Bc4 Qd7 5. Nc3 Nf6 6. d3 c6 7. O-O Be7 8. Kh1
a5 9. fxe5 Bxf3 10. Qxf3 dxe5 11. a4 O-O 12. Qg3 Qd6 13. Rf5 Nfd7 14. Be3 Qg6
15. Qf2 Na6 16. Rf1 Bf6 17. g4 h6 18. g5 hxg5 19. Rg1 Nc7 20. Bxg5 Bxg5 21.
Rgxg5 Qh6 22. Rh5 Qc1+ 23. Kg2 Ne6 24. Qh4 Qd2+ 25. Kf1 Qc1+ 26. Kf2 Qd2+ 27.
Ne2 1-0

[Event "KAERNTNER SCHACHSOMMER 2013 22. int. Op"]
[Site "Feffernitz"]
[Date "2013.08.21"]
[Round "5"]
[White "Ranker, Klemens"]
[Black "Gruber, Otmar"]
[Result "0-1"]
[WhiteElo "1934"]
[BlackElo "1792"]
[PlyCount "86"]
[EventDate "2013.08.18"]
[EventRounds "9"]
[EventCountry "AUT"]
[SourceDate "2005.09.12"]

1. e4 c6 2. d4 d5 3. exd5 cxd5 4. Bd3 Nf6 5. c3 Nc6 6. h3 e6 7. Nf3 Bd6 8. O-O
h6 9. Re1 O-O 10. Be3 Bd7 11. Nbd2 Rc8 12. Rc1 Na5 13. b3 a6 14. Ne5 Be8 15.
Ng4 Nxg4 16. Qxg4 f5 17. Qe2 f4 18. Bb1 fxe3 19. Qxe3 Rf6 20. g3 Ba3 21. Rcd1
Bb2 22. c4 dxc4 23. Ne4 Bf7 24. Nxf6+ Qxf6 25. Qe4 g6 26. Re3 Nc6 27. Rf3 Qg7
28. bxc4 Bxd4 29. Rb3 Qf6 30. Rf3 Qd8 31. Kg2 Qd7 32. Rf6 Rd8 33. h4 Qe7 34.
Rf3 Kg7 35. h5 e5 36. Rh1 Qg5 37. Rxf7+ Kxf7 38. hxg6+ Kg7 39. f4 exf4 40. Rh3
Be5 41. Bd3 fxg3 42. Qf3 Rf8 43. Qe4 Rf2+ 0-1

[Event "KAERNTNER SCHACHSOMMER 2013 22. int. Op"]
[Site "Feffernitz"]
[Date "2013.08.22"]
[Round "6"]
[White "Ivanov, Mikhail"]
[Black "Manhardt, Thomas"]
[Result "1-0"]
[WhiteElo "2390"]
[BlackElo "2217"]
[PlyCount "65"]
[EventDate "2013.08.18"]
[EventRounds "9"]
[EventCountry "AUT"]
[SourceDate "2005.09.12"]

1. d4 Nf6 2. c4 g6 3. Nc3 Bg7 4. e4 d6 5. Nge2 O-O 6. Ng3 Nbd7 7. Be2 a6 8. h3
h5 9. Be3 c5 10. d5 b5 11. cxb5 h4 12. Nf1 axb5 13. Nd2 b4 14. Na4 Qa5 15. b3
Ba6 16. O-O Nxe4 17. Nxe4 Bxa1 18. Bxa6 Bg7 19. Bd3 Nf6 20. Nxf6+ Bxf6 21. Qg4
Kg7 22. f4 Qd8 23. f5 Qe8 24. Bg5 Rh8 25. Re1 Bxg5 26. Qxg5 Rh5 27. Qg4 Rh6 28.
Nb6 Rxa2 29. fxg6 fxg6 30. Nc8 Qf8 31. Rf1 Qe8 32. Qe6 Qg8 33. Qxe7+ 1-0

[Event "KAERNTNER SCHACHSOMMER 2013 22. int. Op"]
[Site "Feffernitz"]
[Date "2013.08.22"]
[Round "6"]
[White "Kesik, Klaus-Dieter"]
[Black "Mazi, Leon"]
[Result "0-1"]
[WhiteElo "2233"]
[BlackElo "2368"]
[PlyCount "138"]
[EventDate "2013.08.18"]
[EventRounds "9"]
[EventCountry "AUT"]
[SourceDate "2005.09.12"]

1. d4 Nf6 2. Nf3 d6 3. g3 g6 4. Bg2 Bg7 5. O-O O-O 6. Nc3 c6 7. a4 Nbd7 8. e4
e5 9. h3 Re8 10. Re1 Qc7 11. Be3 b6 12. Qd2 Bb7 13. g4 a6 14. g5 Nh5 15. Rad1
Nf8 16. d5 c5 17. Nh2 Bc8 18. Ne2 Qe7 19. Ng4 Ra7 20. Rf1 Kh8 21. b4 a5 22.
bxc5 bxc5 23. Rb1 Ba6 24. Rfe1 Nd7 25. Rb2 Nf4 26. Nc3 Qxg5 27. Nb5 Bxb5 28.
Rxb5 h5 29. Bxf4 exf4 30. Nh2 Ne5 31. Reb1 Qh4 32. Qe2 Qe7 33. Qd2 Qf6 34. Nf3
Nxf3+ 35. Bxf3 Qh4 36. Kg2 Re5 37. Rh1 Rg5+ 38. Kf1 Bd4 39. Rh2 Kg7 40. c3 Bf6
41. Rb6 Be7 42. Qb2 Re5 43. Rb8 Bd8 44. c4 Qe7 45. Rg2 Qd7 46. Bxh5 Bf6 47. Qe2
Qxa4 48. Kg1 Qa1+ 49. Kh2 Qd4 50. Qg4 Rg5 51. Qc8 Rxh5 52. f3 Qe5 53. Rg4 Kh6
54. Qg8 Bg7 55. Rb6 Qe7 56. Qb8 a4 57. Rxd6 Rb7 58. Qd8 Qxd8 59. Rxd8 Ra7 60.
Rg2 a3 61. Ra2 Bf6 62. Rc8 Bd4 63. d6 Kg7 64. Rc7 Ra8 65. d7 Rhh8 66. e5 Rhd8
67. h4 Kf8 68. Kh3 Ke7 69. Kg4 Rxd7 0-1

[Event "KAERNTNER SCHACHSOMMER 2013 22. int. Op"]
[Site "Feffernitz"]
[Date "2013.08.22"]
[Round "6"]
[White "Zozulia, Anna"]
[Black "Strobel, Matthias"]
[Result "1-0"]
[WhiteElo "2316"]
[BlackElo "2096"]
[PlyCount "44"]
[EventDate "2013.08.18"]
[EventRounds "9"]
[EventCountry "AUT"]
[SourceDate "2005.09.12"]

1. e4 c6 2. d4 d5 3. Nc3 dxe4 4. Nxe4 Nf6 5. Nxf6+ exf6 6. c3 Bd6 7. Bd3 Be6 8.
Ne2 Qc7 9. c4 Na6 10. a3 Rd8 11. Be3 Qb8 12. Qc2 Nc7 13. O-O h6 14. f4 O-O 15.
f5 Bc8 16. Rf3 Kh7 17. Rh3 Rfe8 18. Qd2 Bf8 19. Ng3 b6 20. Ne4 c5 21. Bxh6 Rxe4
22. Bxg7+ Kxg7 1-0

[Event "KAERNTNER SCHACHSOMMER 2013 22. int. Op"]
[Site "Feffernitz"]
[Date "2013.08.22"]
[Round "6"]
[White "Praznik, Anton"]
[Black "Becker, Matthias"]
[Result "1/2-1/2"]
[WhiteElo "2154"]
[BlackElo "2152"]
[PlyCount "43"]
[EventDate "2013.08.18"]
[EventRounds "9"]
[EventCountry "AUT"]
[SourceDate "2005.09.12"]

1. e4 e6 2. d4 d5 3. Nc3 Bb4 4. Bd3 dxe4 5. Bxe4 Nf6 6. Bf3 O-O 7. Nge2 Nbd7 8.
O-O e5 9. a3 Ba5 10. b4 Bb6 11. Be3 Re8 12. Ng3 exd4 13. Bxd4 Bxd4 14. Qxd4 Ne5
15. Qf4 Nxf3+ 16. Qxf3 Qe7 17. h3 c6 18. Rad1 Be6 19. Rfe1 Qc7 20. Nf5 Bxf5 21.
Qxf5 Rad8 22. Rxe8+ 1/2-1/2

[Event "KAERNTNER SCHACHSOMMER 2013 22. int. Op"]
[Site "Feffernitz"]
[Date "2013.08.22"]
[Round "6"]
[White "Eulering, Georg"]
[Black "Praznik, Niko"]
[Result "1/2-1/2"]
[WhiteElo "2137"]
[BlackElo "2347"]
[PlyCount "83"]
[EventDate "2013.08.18"]
[EventRounds "9"]
[EventCountry "AUT"]
[SourceDate "2005.09.12"]

1. e4 e6 2. d4 d5 3. Nc3 Bb4 4. e5 b6 5. a3 Bf8 6. f4 Ne7 7. Nf3 Qd7 8. b4 Nbc6
9. Bd3 Nf5 10. Ne2 h5 11. c3 Bb7 12. Ng3 Nce7 13. Qe2 g6 14. a4 Nxg3 15. hxg3
Nf5 16. Kf2 Nh6 17. Nh2 Be7 18. Bd2 Kf8 19. a5 Rb8 20. axb6 axb6 21. Ra7 Kg7
22. Rha1 Nf5 23. Bxf5 exf5 24. Re1 Qe6 25. Nf3 Rhc8 26. Ng5 Bxg5 27. fxg5 Re8
28. b5 Qc8 29. c4 c5 30. Be3 Kg8 31. Rc1 Qe6 32. cxd5 Qxd5 33. Qf3 cxd4 34. Bf4
Qxf3+ 35. gxf3 Bd5 36. Rd1 Ra8 37. Rxa8 Rxa8 38. Rxd4 Ra2+ 39. Rd2 Rxd2+ 40.
Bxd2 Bc4 41. Be3 Bxb5 42. Bxb6 1/2-1/2

[Event "KAERNTNER SCHACHSOMMER 2013 22. int. Op"]
[Site "Feffernitz"]
[Date "2013.08.22"]
[Round "6"]
[White "Eisenbeiser, Amadeus"]
[Black "Eisenbeiser, Karlheinz"]
[Result "1-0"]
[WhiteElo "2336"]
[BlackElo "2000"]
[PlyCount "72"]
[EventDate "2013.08.18"]
[EventRounds "9"]
[EventCountry "AUT"]
[SourceDate "2005.09.12"]

1. d4 d6 2. e4 g6 3. Nc3 Bg7 4. f4 c6 5. Nf3 Nf6 6. Bd3 O-O 7. O-O b5 8. e5 Ne8
9. Qe2 Qc7 10. Ne4 a5 11. Be3 Nd7 12. c3 Nb6 13. Rae1 Nc4 14. Bc1 Bg4 15. h3
Bxf3 16. Qxf3 a4 17. Re2 Qd7 18. g4 e6 19. g5 Qe7 20. Nf6+ Bxf6 21. gxf6 Qd7
22. f5 dxe5 23. dxe5 a3 24. b3 Nb2 25. Bc2 exf5 26. Bh6 Nc7 27. Bxf8 Kxf8 28.
Qe3 Ne6 29. Qh6+ Kg8 30. Bxf5 Rf8 31. Qg7+ Nxg7 32. Bxd7 Nh5 33. Kh2 Rd8 34.
Bxc6 Rc8 35. Bxb5 Rxc3 36. Rd2 Rc8 1-0

[Event "KAERNTNER SCHACHSOMMER 2013 22. int. Op"]
[Site "Feffernitz"]
[Date "2013.08.22"]
[Round "6"]
[White "Kosmac, Blaz"]
[Black "Schuhmacher, Jakob"]
[Result "1-0"]
[WhiteElo "2209"]
[BlackElo "1990"]
[PlyCount "65"]
[EventDate "2013.08.18"]
[EventRounds "9"]
[EventCountry "AUT"]
[SourceDate "2005.09.12"]

1. e4 c6 2. Ne2 d5 3. e5 g6 4. d4 Bg7 5. Be3 f6 6. exf6 exf6 7. Qd2 Ne7 8. Bh6
O-O 9. h4 Nf5 10. Bxg7 Nxg7 11. Nbc3 b5 12. Ng3 Nf5 13. Nxf5 Bxf5 14. O-O-O Nd7
15. h5 g5 16. Bd3 Bxd3 17. Qxd3 Nb6 18. f4 Qd7 19. h6 Rae8 20. Rde1 Rxe1+ 21.
Rxe1 Re8 22. Rxe8+ Qxe8 23. fxg5 fxg5 24. Qg3 Qe7 25. Nd1 Nc4 26. Qh3 Qe1 27.
Qc8+ Kf7 28. Qf5+ Ke8 29. Qxg5 Qe7 30. Qf5 Qd6 31. Qg5 Qe7 32. Qg4 Qd7 33. Qg8+
1-0

[Event "KAERNTNER SCHACHSOMMER 2013 22. int. Op"]
[Site "Feffernitz"]
[Date "2013.08.22"]
[Round "6"]
[White "Arztmann, Wolfgang"]
[Black "Frey, Armin"]
[Result "1-0"]
[WhiteElo "2193"]
[BlackElo "1981"]
[PlyCount "53"]
[EventDate "2013.08.18"]
[EventRounds "9"]
[EventCountry "AUT"]
[SourceDate "2005.09.12"]

1. e4 c5 2. c3 d5 3. exd5 Qxd5 4. d4 Nf6 5. Nf3 Bg4 6. dxc5 Qxc5 7. Na3 a6 8.
Be3 Qc7 9. h3 Bh5 10. Qa4+ Nbd7 11. Be2 e6 12. Rd1 Bc5 13. Nb5 Qc6 14. Bxc5
Qxc5 15. Nd6+ Ke7 16. Nxb7 Qb6 17. Qa3+ Ke8 18. Nd6+ Kd8 19. O-O Nd5 20. c4 Nf4
21. Rfe1 Qc6 22. Qe3 e5 23. Ne4 f5 24. Nxe5 Nxe2+ 25. Rxe2 Qxe4 26. Rxd7+ Ke8
27. Qg5 1-0

[Event "KAERNTNER SCHACHSOMMER 2013 22. int. Op"]
[Site "Feffernitz"]
[Date "2013.08.22"]
[Round "6"]
[White "Kock, Hans-Uwe"]
[Black "Jandke, Manfred"]
[Result "0-1"]
[WhiteElo "1980"]
[BlackElo "2095"]
[PlyCount "120"]
[EventDate "2013.08.18"]
[EventRounds "9"]
[EventCountry "AUT"]
[SourceDate "2005.09.12"]

1. d4 Nf6 2. c4 a6 3. Nc3 c5 4. d5 b5 5. cxb5 axb5 6. Nxb5 Qa5+ 7. Nc3 Bb7 8.
Bd2 Qb6 9. e4 e6 10. Bc4 Nxe4 11. dxe6 fxe6 12. Nxe4 Bxe4 13. Qh5+ Bg6 14. Qe2
Qxb2 15. Rc1 Nc6 16. Nf3 Be7 17. O-O Rc8 18. Qe3 O-O 19. Bb3 Nd4 20. Ne5 Nxb3
21. axb3 Be8 22. Nc4 Qd4 23. Qe2 Qh4 24. Rc3 Qh5 25. Qe3 Rf5 26. Qe4 Qf7 27.
Qb7 Rc6 28. Be3 Bf6 29. Rd3 d5 30. Qxf7+ Bxf7 31. Na5 Ra6 32. Bd2 Be8 33. Rc1
Bd4 34. Be1 e5 35. b4 Bb5 36. Rg3 c4 37. Rc2 h5 38. h3 Raf6 39. Nb7 Bb6 40. Ra3
d4 41. Nc5 d3 42. Rca2 Rg6 43. Ra8+ Rf8 44. Rxf8+ Kxf8 45. Ra8+ Ke7 46. Rb8 Be8
47. Bc3 Bc7 48. Rb7 Kd8 49. f3 Bc6 50. Ra7 Bxf3 51. g3 Bd5 52. Kf2 e4 53. Ke3
Rxg3+ 54. Kd4 Rg5 55. Be1 Rf5 56. Na4 g5 57. b5 Bh2 58. b6 Bg1+ 59. Kc3 Rf1 60.
Bg3 Rc1+ 0-1

[Event "KAERNTNER SCHACHSOMMER 2013 22. int. Op"]
[Site "Feffernitz"]
[Date "2013.08.22"]
[Round "6"]
[White "Laustsen, Karl-Johan"]
[Black "Pregl, Walter"]
[Result "0-1"]
[WhiteElo "1893"]
[BlackElo "2042"]
[PlyCount "126"]
[EventDate "2013.08.18"]
[EventRounds "9"]
[EventCountry "AUT"]
[SourceDate "2005.09.12"]

1. d4 g6 2. Bf4 Bg7 3. e3 Nf6 4. Be2 d6 5. h3 O-O 6. Nf3 Nc6 7. c4 Nd7 8. Nc3
e5 9. dxe5 Ndxe5 10. Rc1 Be6 11. b3 h6 12. O-O Qd7 13. Qd2 g5 14. Bh2 Ng6 15.
Nb5 Rfd8 16. Nbd4 Nce7 17. Nxe6 Qxe6 18. Nd4 Qd7 19. Rfd1 c6 20. Nf3 d5 21.
cxd5 Qxd5 22. Qb4 Qe6 23. Qxb7 Qc8 24. Qxc8 Raxc8 25. Bc4 Bb2 26. Rb1 Bc3 27.
Kf1 Kg7 28. Ke2 Bf6 29. Ba6 Rxd1 30. Rxd1 Re8 31. Rd7 h5 32. Bc4 a5 33. Bd6 g4
34. hxg4 hxg4 35. Ne1 Nd5 36. Bxd5 cxd5 37. Kd3 Rc8 38. Rc7 Ra8 39. Rc6 Re8 40.
Rc5 d4 41. e4 Rd8 42. Bg3 a4 43. b4 Nf8 44. a3 Ne6 45. Rc4 Rd7 46. Nc2 Bd8 47.
f4 gxf3 48. gxf3 Bg5 49. Rc8 f6 50. Ra8 Bf4 51. Be1 Ng5 52. Rxa4 Nxf3 53. Ra5
Kf7 54. Na1 Nxe1+ 55. Ke2 Ng2 56. Kf3 d3 57. Nb3 d2 58. Nxd2 Rxd2 59. b5 Be5
60. b6 Ne1+ 61. Ke3 Rb2 62. Ra7+ Ke6 63. a4 Rxb6 0-1

[Event "KAERNTNER SCHACHSOMMER 2013 22. int. Op"]
[Site "Feffernitz"]
[Date "2013.08.22"]
[Round "6"]
[White "Dieli, Riccardo"]
[Black "Baierlein, Martin"]
[Result "0-1"]
[WhiteElo "1853"]
[BlackElo "2032"]
[PlyCount "57"]
[EventDate "2013.08.18"]
[EventRounds "9"]
[EventCountry "AUT"]
[SourceDate "2005.09.12"]

1. Nf3 d5 2. d4 Nf6 3. c4 g6 4. Nc3 Bg7 5. g3 O-O 6. cxd5 Nxd5 7. Bg2 c5 8. O-O
cxd4 9. Nxd5 Qxd5 10. e3 Rd8 11. Nxd4 Qd7 12. Qb3 e5 13. Nb5 Nc6 14. Nc3 Qe8
15. Nd5 Rb8 16. Qb5 e4 17. Rb1 Bf5 18. b4 Qe5 19. Rd1 Be6 20. Bb2 Rxd5 21. Bxe5
Rxb5 22. Bxb8 Bxa2 23. Rbc1 Rxb4 24. Rxc6 bxc6 25. Rd8+ Bf8 26. Rxf8+ Kg7 27.
Bxe4 Rxe4 28. Rc8 Bd5 29. Bxa7 0-1

[Event "KAERNTNER SCHACHSOMMER 2013 22. int. Op"]
[Site "Feffernitz"]
[Date "2013.08.22"]
[Round "6"]
[White "Gruber, Otmar"]
[Black "Koefeler, Christian"]
[Result "0-1"]
[WhiteElo "1792"]
[BlackElo "2015"]
[PlyCount "54"]
[EventDate "2013.08.18"]
[EventRounds "9"]
[EventCountry "AUT"]
[SourceDate "2005.09.12"]

1. Nc3 d5 2. e4 d4 3. Nce2 e5 4. Ng3 Be6 5. Nf3 f6 6. Bb5+ c6 7. Be2 Ne7 8. O-O
Qd6 9. h3 Nd7 10. d3 g6 11. Nh2 O-O-O 12. c3 h5 13. f3 Bh6 14. Bxh6 Rxh6 15.
Rf2 f5 16. Bf1 g5 17. exf5 Bxf5 18. Ne4 Bxe4 19. dxe4 dxc3 20. bxc3 Nc5 21. Qc1
Rg6 22. Kh1 Ne6 23. Qb2 Nf4 24. Rb1 Rd7 25. Qc2 Qc5 26. g3 Ne6 27. Qb3 Qxf2 0-1

[Event "KAERNTNER SCHACHSOMMER 2013 22. int. Op"]
[Site "Feffernitz"]
[Date "2013.08.22"]
[Round "6"]
[White "Barucco, Mattia"]
[Black "Hofer, Christian"]
[Result "1/2-1/2"]
[WhiteElo "2006"]
[BlackElo "1898"]
[PlyCount "40"]
[EventDate "2013.08.18"]
[EventRounds "9"]
[EventCountry "AUT"]
[SourceDate "2005.09.12"]

1. e4 c5 2. Nc3 e6 3. f4 Nc6 4. Nf3 a6 5. g3 d5 6. Bg2 Nf6 7. exd5 exd5 8. O-O
Be7 9. Ne5 O-O 10. Nxc6 bxc6 11. b3 Bg4 12. Bf3 Bxf3 13. Qxf3 Qb6 14. Kg2 Rfe8
15. d3 Rad8 16. Be3 Qa5 17. Na4 d4 18. Bf2 Nd5 19. Be1 Qc7 20. Bd2 Bd6 1/2-1/2

[Event "KAERNTNER SCHACHSOMMER 2013 22. int. Op"]
[Site "Feffernitz"]
[Date "2013.08.22"]
[Round "6"]
[White "Zauchner, Markus"]
[Black "Knaller, Christoph"]
[Result "1-0"]
[WhiteElo "1814"]
[BlackElo "2005"]
[PlyCount "71"]
[EventDate "2013.08.18"]
[EventRounds "9"]
[EventCountry "AUT"]
[SourceDate "2005.09.12"]

1. c4 Nf6 2. g3 g6 3. Bg2 Bg7 4. Nf3 O-O 5. O-O d5 6. cxd5 Nxd5 7. Nc3 Nb6 8.
d3 a5 9. Bf4 Na6 10. Qd2 Re8 11. Be5 f6 12. Bf4 e5 13. Bh6 c6 14. Bxg7 Kxg7 15.
Rfd1 Be6 16. Ne1 Qe7 17. Nc2 Nb4 18. b3 Rad8 19. Ne3 f5 20. Qb2 Qf6 21. Rab1 h5
22. h4 f4 23. Ne4 Qf8 24. Qxe5+ Kh6 25. gxf4 N6d5 26. Qg5+ Kh7 27. Nxd5 Nxd5
28. e3 Bf5 29. Rbc1 Kg7 30. Ng3 Bg4 31. Be4 Rxe4 32. dxe4 Bxd1 33. Rxd1 Nf6 34.
Rxd8 Qxd8 35. Nxh5+ Kf7 36. Qxf6+ 1-0

[Event "KAERNTNER SCHACHSOMMER 2013 22. int. Op"]
[Site "Feffernitz"]
[Date "2013.08.22"]
[Round "6"]
[White "Dolinar, Jan"]
[Black "Mostoegl, Konrad"]
[Result "1-0"]
[WhiteElo "1787"]
[BlackElo "1997"]
[PlyCount "79"]
[EventDate "2013.08.18"]
[EventRounds "9"]
[EventCountry "AUT"]
[SourceDate "2005.09.12"]

1. e4 d5 2. exd5 Nf6 3. Nc3 Nxd5 4. Nf3 Bg4 5. Bc4 c6 6. d3 e6 7. Bd2 Nd7 8.
Qe2 Be7 9. O-O-O O-O 10. h3 Bxf3 11. gxf3 b5 12. Bb3 Nc5 13. Rdg1 a5 14. Ne4 a4
15. Bxd5 exd5 16. Ng3 Re8 17. f4 g6 18. Qf3 Ne6 19. f5 Nf8 20. fxg6 fxg6 21.
Nf5 Bf6 22. Bc3 Ra7 23. h4 Bxc3 24. bxc3 Qf6 25. h5 Kh8 26. hxg6 Nxg6 27. Qh5
Re6 28. Rg5 a3 29. Nd4 Rd6 30. Rhg1 Kg8 31. Rf5 Qg7 32. f4 Rf7 33. Rxf7 Kxf7
34. f5 Rf6 35. fxg6+ hxg6 36. Qg4 Qh6+ 37. Kb1 Qf4 38. Qd7+ Kg8 39. Qe8+ Rf8
40. Qxg6+ 1-0

[Event "KAERNTNER SCHACHSOMMER 2013 22. int. Op"]
[Site "Feffernitz"]
[Date "2013.08.22"]
[Round "6"]
[White "Fitzke, Ulrich"]
[Black "Dolinar, Matic"]
[Result "1-0"]
[WhiteElo "1992"]
[BlackElo "1694"]
[PlyCount "81"]
[EventDate "2013.08.18"]
[EventRounds "9"]
[EventCountry "AUT"]
[SourceDate "2005.09.12"]

1. d4 Nf6 2. c4 c5 3. Nf3 cxd4 4. Nxd4 Nc6 5. e3 g6 6. Nc3 Bg7 7. Be2 O-O 8.
O-O d6 9. b3 Nxd4 10. exd4 d5 11. c5 Bf5 12. Bf3 Ne4 13. Bb2 Qd7 14. Re1 Qc6
15. b4 Rad8 16. h3 h5 17. a4 a6 18. Be2 Qf6 19. Nxe4 dxe4 20. Qb3 Qg5 21. Rad1
e6 22. b5 axb5 23. axb5 h4 24. Qe3 Qxe3 25. fxe3 Ra8 26. Ra1 Bh6 27. Kf2 Bg5
28. Rxa8 Rxa8 29. Ra1 Rxa1 30. Bxa1 Kf8 31. Bc3 e5 32. dxe5 Bd7 33. Bd4 Ke8 34.
Bc4 Bd8 35. Ke2 g5 36. Kd2 g4 37. hxg4 Bxg4 38. Bd5 Bf3 39. gxf3 h3 40. Bxe4 h2
41. f4 1-0

[Event "KAERNTNER SCHACHSOMMER 2013 22. int. Op"]
[Site "Feffernitz"]
[Date "2013.08.22"]
[Round "6"]
[White "Zeuner, Michael"]
[Black "Panada, Valter"]
[Result "1-0"]
[WhiteElo "2164"]
[BlackElo "1838"]
[PlyCount "61"]
[EventDate "2013.08.18"]
[EventRounds "9"]
[EventCountry "AUT"]
[SourceDate "2005.09.12"]

1. g3 d5 2. Bg2 Nf6 3. c4 e6 4. Nf3 Be7 5. O-O O-O 6. d4 a6 7. Nc3 dxc4 8. Ne5
Nbd7 9. Nxc4 c6 10. e4 Nb6 11. b3 Nxc4 12. bxc4 Qa5 13. Bb2 Rd8 14. e5 Ne8 15.
c5 Qb4 16. Na4 Bxc5 17. a3 Qb5 18. Rb1 Ba7 19. Qc2 Qa5 20. Rfd1 Bd7 21. Nc5 Qc7
22. Ne4 c5 23. d5 exd5 24. Ng5 g6 25. Bxd5 Bf5 26. Qb3 Rxd5 27. Rxd5 Bxb1 28.
e6 f6 29. Rd7 Qe5 30. Bxe5 Bf5 31. Rxh7 1-0

[Event "KAERNTNER SCHACHSOMMER 2013 22. int. Op"]
[Site "Feffernitz"]
[Date "2013.08.23"]
[Round "7"]
[White "Mazi, Leon"]
[Black "Malakhatko, Vadim"]
[Result "1/2-1/2"]
[WhiteElo "2368"]
[BlackElo "2525"]
[PlyCount "27"]
[EventDate "2013.08.18"]
[EventRounds "9"]
[EventCountry "AUT"]
[SourceDate "2005.09.12"]

1. e4 c5 2. b3 b6 3. Bb2 Bb7 4. Nc3 e6 5. Qf3 Nc6 6. Qg3 Nd4 7. Bd3 Nf6 8. f3
Nh5 9. Qg4 Nf6 10. Qh3 d5 11. exd5 exd5 12. O-O-O Be7 13. Nge2 Ne6 14. Bf5
1/2-1/2

[Event "KAERNTNER SCHACHSOMMER 2013 22. int. Op"]
[Site "Feffernitz"]
[Date "2013.08.23"]
[Round "7"]
[White "Zozulia, Anna"]
[Black "Eisenbeiser, Amadeus"]
[Result "1-0"]
[WhiteElo "2316"]
[BlackElo "2336"]
[PlyCount "58"]
[EventDate "2013.08.18"]
[EventRounds "9"]
[EventCountry "AUT"]
[SourceDate "2005.09.12"]

1. e4 c5 2. Nf3 e6 3. d4 cxd4 4. Nxd4 a6 5. Bd3 Nf6 6. O-O Qc7 7. Qe2 Bd6 8. h3
Nc6 9. Nxc6 bxc6 10. Nd2 e5 11. Nc4 Be7 12. f4 d6 13. Ne3 exf4 14. Rxf4 O-O 15.
Nf5 Bxf5 16. Rxf5 Nd7 17. Be3 Bf6 18. c3 g6 19. Rf3 Bg7 20. Bxa6 Rae8 21. Bd3
Nf6 22. Qc2 c5 23. Bg5 Nh5 24. Bc4 h6 25. Be3 g5 26. Raf1 Re7 27. Qe2 Be5 28.
Bd5 Kg7 29. Qd3 Nf4 1-0

[Event "KAERNTNER SCHACHSOMMER 2013 22. int. Op"]
[Site "Feffernitz"]
[Date "2013.08.23"]
[Round "7"]
[White "Praznik, Niko"]
[Black "Jandke, Manfred"]
[Result "1-0"]
[WhiteElo "2347"]
[BlackElo "2095"]
[PlyCount "83"]
[EventDate "2013.08.18"]
[EventRounds "9"]
[EventCountry "AUT"]
[SourceDate "2005.09.12"]

1. c4 e5 2. g3 Nc6 3. Bg2 Nf6 4. Nc3 Bc5 5. e3 d6 6. Nge2 O-O 7. O-O Bf5 8. d4
Bb6 9. d5 Nb8 10. e4 Bd7 11. h3 h6 12. Kh2 a5 13. g4 Nxg4+ 14. hxg4 Qh4+ 15.
Kg1 Bxg4 16. Qd3 f5 17. exf5 Nd7 18. Ne4 Bxe2 19. Qxe2 Rxf5 20. Be3 Rh5 21.
Rfd1 Rf8 22. Rd3 Qh2+ 23. Kf1 Nf6 24. Bxb6 Nxe4 25. Qxe4 Rf4 26. Qg6 cxb6 27.
Rg3 Rg5 28. Rxg5 hxg5 29. Qxg5 Qh7 30. Qd8+ Rf8 31. Qxd6 Qd3+ 32. Kg1 Qd4 33.
Rf1 Rf6 34. Qd8+ Kh7 35. Qd7 Qxc4 36. Qh3+ Rh6 37. Qf5+ Rg6 38. Qxe5 Qg4 39.
Qh2+ Kg8 40. Re1 Qd7 41. Qh5 Qf7 42. Qe5 1-0

[Event "KAERNTNER SCHACHSOMMER 2013 22. int. Op"]
[Site "Feffernitz"]
[Date "2013.08.23"]
[Round "7"]
[White "Baierlein, Martin"]
[Black "Kesik, Klaus-Dieter"]
[Result "1/2-1/2"]
[WhiteElo "2032"]
[BlackElo "2233"]
[PlyCount "98"]
[EventDate "2013.08.18"]
[EventRounds "9"]
[EventCountry "AUT"]
[SourceDate "2005.09.12"]

1. d4 Nf6 2. Nf3 g6 3. g3 Bg7 4. Bg2 O-O 5. O-O d6 6. c4 Nc6 7. Nc3 a6 8. Qc2
Bg4 9. Rd1 Qc8 10. Bf4 Re8 11. d5 Nd8 12. Rac1 Rb8 13. b4 e5 14. Bg5 h6 15.
Bxf6 Bxf6 16. Ne4 Be7 17. c5 Qd7 18. cxd6 cxd6 19. Qc7 Qxc7 20. Rxc7 f5 21.
Ned2 Nf7 22. Rdc1 Bd8 23. R7c4 Bb6 24. e3 e4 25. Ne1 Be2 26. R4c2 Bb5 27. Bf1
Bxf1 28. Kxf1 Ne5 29. h3 h5 30. Nc4 Nxc4 31. Rxc4 Kf7 32. Ng2 Kf6 33. h4 g5 34.
hxg5+ Kxg5 35. Ke2 Re5 36. Nf4 Ree8 37. Rh1 Rh8 38. Nh3+ Kf6 39. Nf4 Rh7 40.
Rxh5 Rxh5 41. Nxh5+ Ke5 42. Nf4 Bd8 43. Rd4 Rc8 44. Kd1 b5 45. Ng6+ Kf6 46. Nf4
Rc3 47. Rd2 Rc4 48. Rd4 Rc8 49. Rd2 Rc4 1/2-1/2